Jugadores con más partidos y goles en el Valencia CF - Estadísticas

Estadísticas generales
  • Esta prueba ha sido intentada 162 veces
  • La puntuación promedio es 8 de 30
Estadísticas de respuestas
Hint Respuesta % Correcto
129 Villa
85%
149 Kempes
74%
485 Albelda
68%
416 Cañizares
66%
362 Baraja
63%
265 Mundo
57%
383 Parejo
56%
553 Fernando
41%
142 Fernando
41%
81 Soldado
41%
71 Claudio Lopez
31%
434 Angulo
25%
521 Arias
21%
160 Waldo
19%
375 Claramunt
16%
68 Mijatovic
10%
364 Sempere
8%
96 Gorostiza
6%
401 Saura
5%
369 Giner
4%
372 Arroyo
3%
112 Badenes
3%
106 Epi
3%
121 Juan Costa
3%
424 Mestre
3%
99 Vicente Seguí
3%
119 Amadeo Ibañez
2%
354 Asensi
2%
363 Castellanos
2%
118 Igoa
2%
No se encontraron pruebas coincidentes
Distribución de puntuación
Porcentaje de gente con cada puntuación
Porcentaje por número respondido
Historial de tus puntuaciones
No has intentado esta prueba.